The first and second demographic surveys in Indonesia. (Record no. 89381)

MARC details
000 -LEADER
fixed length control field 00853cam a2200241 4500
001 - CONTROL NUMBER
control field sa 68020363
003 - CONTROL NUMBER IDENTIFIER
control field DLC
005 - DATE AND TIME OF LATEST TRANSACTION
control field 20260227112723.0
008 - FIXED-LENGTH DATA ELEMENTS--GENERAL INFORMATION
fixed length control field 740121s1965 io s f00000 eng
010 ## - LIBRARY OF CONGRESS CONTROL NUMBER
LC control number sa 68020363 //r81
025 ## - OVERSEAS ACQUISITION NUMBER
Overseas acquisition number PL480:Indo-5873
043 ## - GEOGRAPHIC AREA CODE
Geographic area code a-io---
050 0# - LIBRARY OF CONGRESS CALL NUMBER
Classification number HB3647
Item number .U3
082 0# - DEWEY DECIMAL CLASSIFICATION NUMBER
Classification number 312/.09598
Edition number 19
100 10 - MAIN ENTRY--PERSONAL NAME
Personal name Ueda, Kōzō,
Dates associated with a name 1923-
245 14 - TITLE STATEMENT
Title The first and second demographic surveys in Indonesia.
260 0# - PUBLICATION, DISTRIBUTION, ETC.
Place of publication, distribution, etc. Djakarta,
Name of publisher, distributor, etc. Statistical Research and Development Centre,
Date of publication, distribution, etc. 1965.
300 ## - PHYSICAL DESCRIPTION
Extent 26 p.
Dimensions 30 cm.
500 ## - GENERAL NOTE
General note Cover title: Perkembangan penduduk (population increase) Indonesia; survey-penduduk (population-survey) 1963.
500 ## - GENERAL NOTE
General note In English; with introd. also in Indonesian.
651 #0 - SUBJECT ADDED ENTRY--GEOGRAPHIC NAME
Geographic name Indonesia
General subdivision Population
-- Statistics.
740 #1 - ADDED ENTRY--UNCONTROLLED RELATED/ANALYTICAL TITLE
Uncontrolled related/analytical title Perkembangan penduduk (population increase) Indonesia.

No items available.

Powered by Koha